[Event "16th Spilimbergo Open 2018"]
[Site "Spilimbergo"]
[Date "2018.08.15"]
[Round "9.5"]
[White "Mesaros, Florian"]
[Black "Sonis, Francesco"]
[Result "1-0"]
[WhiteElo "2422"]
[BlackElo "2468"]
[Annotator "ChessBase"]
[PlyCount "151"]
[EventDate "2018.08.10"]
[EventType "swiss"]
[EventCountry "ITA"]
[SourceTitle "playchess.com"]
[Source "ChessBase"]
[SourceQuality "1"]
[TimeControl "5400+30"]

1. Nf3 {[%emt 0:00:30]} d5 {[%emt 0:00:30]} 2. d4 {[%emt 0:00:30]} Nf6 {[%emt 0:00:00]} 3. c4 {[%emt 0:00:00]} c6 {[%emt 0:00:00]} 4. e3 {[%emt 0:00:00]} Bg4 {[%emt 0:00:30]} 5. Nc3 {[%emt 0:00:30]} e6 {[%emt 0:00:00]} 6. h3 {[%emt 0:00:00]} Bh5 {[%emt 0:00:00]} 7. g4 {[%emt 0:00:00]} Bg6 {[%emt 0:00:30]} 8. Ne5 {[%emt 0:00:30]} Nbd7 {[%emt 0:00:00]} 9. Nxg6 {[%emt 0:00:30]} hxg6 {[%emt 0:00:00]} 10. g5 {[%emt 0:00:00]} Ng8 {[%emt 0:08:30]} 11. h4 {[%emt 0:00:00]} Ne7 {[%emt 0:00:30]} 12. cxd5 {[%emt 0:00:30]} cxd5 {[%emt 0:01:30]} 13. Bd2 {[%emt 0:01:30]} Nf5 {[%emt 0:02:30]} 14. Qg4 {[%emt 0:00:30]} Qb6 {[%emt 0:10:30]} 15. Bd3 {[%emt 0:04:30]} Bb4 {[%emt 0:06:30]} 16. Rc1 {[%emt 0:08:30]} Rc8 {[%emt 0:03:30]} 17. Ke2 {[%emt 0:01:30]} Ke7 {[%emt 0:11:30]} 18. a3 {[%emt 0:00:30]} Bxc3 {[%emt 0:10:30]} 19. Bxc3 {[%emt 0:00:30]} Nd6 {[%emt 0:00:30]} 20. h5 {[%emt 0:15:30]} gxh5 {[%emt 0:01:30]} 21. Rxh5 {[%emt 0:00:30]} a5 {[%emt 0:01:30]} 22. Rxh8 {[%emt 0:15:30]} Rxh8 {[%emt 0:00:30]} 23. g6 {[%emt 0:06:30]} f5 {[%emt 0:03:30]} 24. Qf4 {[%emt 0:03:30]} Ne4 {[%emt 0:02:30]} 25. b3 {[%emt 0:20:30]} Qxb3 {[%emt 0:06:30]} 26. Bxa5 {[%emt 0:03:35]} Qxa3 {[%emt 0:00:30]} 27. Qc7 {[%emt 0:01:13]} b6 {[%emt 0:03:30]} 28. Be1 {[%emt 0:01:45]} Nd6 {[%emt 0:02:30]} 29. Rc3 {[%emt 0:01:48]} Qa8 {[%emt 0:00:30]} 30. Rc6 {[%emt 0:02:59]} Qa3 {[%emt 0:00:30]} 31. Rc3 {[%emt 0:02:56]} Qa4 {[%emt 0:11:42]} 32. Rc6 {[%emt 0:03:41]} Ne8 {[%emt 0:04:05]} 33. Qc8 {[%emt 0:00:58]} f4 {[%emt 0:04:14]} 34. exf4 {[%emt 0:01:57]} Rf8 {[%emt 0:02:38]} 35. f3 {[%emt 0:03:10]} Qxd4 {[%emt 0:00:24]} 36. Bg3 {[%emt 0:00:52]} Nef6 {[%emt 0:01:05]} 37. Qc7 {[%emt 0:00:21]} Ra8 {[%emt 0:00:12]} 38. Qd6+ {[%emt 0:00:35]} Kd8 {[%emt 0:00:08]} 39. Qxe6 {[%emt 0:00:33]} Ra2+ {[%emt 0:00:59]} 40. Rc2 {[%emt 0:00:31]} Rxc2+ {[%emt 0:00:10]} 41. Bxc2 {[%emt 0:00:02]} Qc4+ {[%emt 0:00:20]} 42. Kd2 {[%emt 0:00:18]} Qd4+ {[%emt 0:00:08]} 43. Ke2 {[%emt 0:00:22]} Qc3 {[%emt 0:01:05]} 44. Bf5 {[%emt 0:00:53]} Qb2+ {[%emt 0:00:24]} 45. Kf1 {[%emt 0:00:21]} Qb5+ {[%emt 0:01:52]} 46. Kg2 {[%emt 0:00:24]} Qb2+ {[%emt 0:00:33]} 47. Bf2 {[%emt 0:00:06]} Qb4 {[%emt 0:01:42]} 48. Bh4 {[%emt 0:00:59]} Qb2+ {[%emt 0:00:25]} 49. Kh3 {[%emt 0:00:04]} Kc7 {[%emt 0:00:27]} 50. Qe7 {[%emt 0:00:39]} Qc3 {[%emt 0:00:49]} 51. Bg4 {[%emt 0:01:23]} Qc1 {[%emt 0:00:28]} 52. Bxf6 {[%emt 0:00:23]} Qh1+ {[%emt 0:00:02]} 53. Kg3 {[%emt 0:00:06]} Qg1+ {[%emt 0:00:03]} 54. Kh3 {[%emt 0:00:08]} Qh1+ {[%emt 0:00:04]} 55. Kg3 {[%emt 0:00:00]} Qg1+ {[%emt 0:00:08]} 56. Kh4 {[%emt 0:00:55]} Qh2+ {[%emt 0:00:21]} 57. Kg5 {[%emt 0:01:32]} gxf6+ {[%emt 0:00:05]} 58. Kf5 {[%emt 0:00:10]} Kc6 {[%emt 0:01:48]} 59. Ke6 {[%emt 0:00:06]} Nc5+ {[%emt 0:00:14]} 60. Kf7 {[%emt 0:00:07]} f5 {[%emt 0:01:12]} 61. g7 {[%emt 0:00:35]} fxg4 {[%emt 0:00:17]} 62. g8=Q {[%emt 0:00:18]} Qxf4+ {[%emt 0:00:09]} 63. Qf6+ {[%emt 0:00:27]} Qxf6+ {[%emt 0:00:07]} 64. Kxf6 {[%emt 0:00:07]} gxf3 {[%emt 0:00:01]} 65. Qe8+ {[%emt 0:00:12]} Kc7 {[%emt 0:00:57]} 66. Ke5 {[%emt 0:00:39]} f2 {[%emt 0:01:02]} 67. Qf7+ {[%emt 0:00:12]} Kc6 {[%emt 0:00:21]} 68. Kd4 {[%emt 0:00:33]} Nb3+ {[%emt 0:00:27]} 69. Ke3 {[%emt 0:00:28]} d4+ {[%emt 0:00:33]} 70. Kxf2 {[%emt 0:01:10]} Nc5 {[%emt 0:00:15]} 71. Qc4 {[%emt 0:00:14]} d3 {[%emt 0:00:19]} 72. Ke3 {[%emt 0:00:08]} Kd6 {[%emt 0:00:16]} 73. Kd4 {[%emt 0:00:37]} Kc6 {[%emt 0:00:16]} 74. Qd5+ {[%emt 0:00:08]} Kb5 {[%emt 0:00:03]} 75. Kc3 {[%emt 0:00:05]} Ka5 {[%emt 0:00:33]} 76. Kc4 {[%emt 0:00:17]} 1-0

[Event "16th Spilimbergo Open 2018"]
[Site "Spilimbergo"]
[Date "2018.08.15"]
[Round "9.6"]
[White "Bacrot, Etienne"]
[Black "Borgo, Giulio"]
[Result "1/2-1/2"]
[WhiteElo "2699"]
[BlackElo "2400"]
[Annotator "TA"]
[PlyCount "40"]
[EventDate "2018.08.10"]
[EventType "swiss"]
[EventCountry "ITA"]
[SourceTitle "playchess.com"]
[Source "ChessBase"]
[SourceQuality "1"]

{[%evp 17,40,25,22,19,10,16,8,8,12,12,10,8,9,8,8,8,12,12,15,6,14,14,11,11,15]} 1. Nf3 c5 2. c4 b6 3. d4 cxd4 4. Nxd4 Bb7 5. Nc3 Nf6 6. f3 e6 7. e4 Nc6 8. Be3 Bc5 {A31: Symmetrical English: 2 Nf3 Nf6 3 d4} 9. Be2 (9. Qd2 O-O 10. Nxc6 Bxc6 11. e5 Ne8 12. Bd3 Qh4+ 13. Qf2 Qxf2+ 14. Kxf2 f6 15. Bxc5 bxc5 16. Rhe1 {½-½ (27) Ponkratov,P (2589)-Kamsky,G (2637) St Petersburg 2016}) 9... O-O {LiveBook: 4 Games} 10. Nxc6 {The position is equal.} Bxc6 11. Bxc5 bxc5 12. O-O d5 $146 ({Predecessor:} 12... Qb8 13. Qd2 Rd8 14. Rac1 a6 15. Bd3 Qd6 16. Qe3 {½-½ (57) Kogan,B-Benjamin,J (2475) Greenville 1983}) 13. cxd5 exd5 14. exd5 Nxd5 15. Nxd5 Bxd5 16. b3 Be6 17. Qxd8 Rfxd8 18. Rfd1 Rxd1+ 19. Rxd1 a5 {[%cal Ba7a5,Ba5a4][%mdl 32]} 20. Rc1 a4 1/2-1/2

[Event "16th Spilimbergo Open 2018"]
[Site "Spilimbergo"]
[Date "2018.08.15"]
[Round "9.7"]
[White "Rahul Srivatshav P"]
[Black "Skoberne, Jure"]
[Result "1/2-1/2"]
[WhiteElo "2388"]
[BlackElo "2575"]
[Annotator "TA"]
[PlyCount "41"]
[EventDate "2018.08.10"]
[EventType "swiss"]
[EventCountry "ITA"]
[SourceTitle "playchess.com"]
[Source "ChessBase"]
[SourceQuality "1"]

{[%evp 28,41,22,31,88,45,58,54,66,54,104,101,94,72,82,81]} 1. d4 Nf6 2. c4 g6 3. Nc3 Bg7 4. e4 d6 5. Nf3 O-O 6. Be2 e5 7. dxe5 dxe5 8. Qxd8 Rxd8 9. Bg5 c6 10. Nxe5 Re8 11. O-O-O Na6 12. Rd6 Be6 13. f4 h6 14. Bh4 {[%cal Bg5h4,Bh4g3,Bg3e5][%mdl 32] E92: King's Indian: Classical: 6 Be2 e5: 7 dxe5, 7 Be3 and Petrosian System without 7...Nbd7} g5 15. fxg5 {LiveBook: 4 Games} Nh7 $146 ({Black should try} 15... hxg5 $14 16. Bxg5 Nc5 17. Bxf6 Bxf6) ({Predecessor:} 15... hxg5 16. Bxg5 Nc5 17. Bxf6 Bxf6 18. Nd3 Be7 19. Rd4 Bf6 20. Rd6 Be7 {½-½ (20) Strikovic,A (2507)-Cawdery,D (2429) Pretoria 2018}) 16. Bg3 {aiming for gxh6.} Nxg5 17. h4 Nh7 {[%cal Bg5h7,Bh7f6,Bf6g4][%mdl 32]} 18. Nf3 Nf6 19. e5 {White is better.} Ng4 20. Nd4 Bxe5 21. Bxe5 1/2-1/2

[Event "16th Spilimbergo Open 2018"]
[Site "Spilimbergo"]
[Date "2018.08.15"]
[Round "9.8"]
[White "Brunello, Sabino"]
[Black "Aghayev, Miragha"]
[Result "1-0"]
[WhiteElo "2555"]
[BlackElo "2424"]
[Annotator "TA"]
[PlyCount "93"]
[EventDate "2018.08.10"]
[EventType "swiss"]
[EventCountry "ITA"]
[SourceTitle "playchess.com"]
[Source "ChessBase"]
[SourceQuality "1"]

{[%evp 16,93,82,60,112,108,125,121,132,122,187,172,162,85,85,97,100,81,102,21,36,0,96,100,132,112,133,113,107,72,83,59,49,66,33,48,84,13,87,80,86,91,495,220,212,61,60,58,59,23,143,155,350,322,317,212,406,415,496,496,500,493,935,829,903,833,1038,982,1787,1610,1909,1895,2184,2089,12842,6003,12843,12843,12839,5995]} 1. e4 c5 2. Nf3 d6 3. d4 Nf6 4. Nc3 cxd4 5. Nxd4 e6 6. g4 h6 7. Rg1 Nc6 8. Be3 g5 {B81: Sicilian Scheveningen: Keres Attack} (8... a6 9. h4 h5 10. gxh5 Rxh5 11. Bg5 Rh8 12. Be2 Bd7 13. Qd2 Qb6 14. Nb3 Qc7 15. O-O-O b5 16. a3 Rb8 {½-½ (49) Bacrot,E (2697)-Ivanchuk,V (2726) Berlin 2015}) 9. Qd2 {LiveBook: 4 Games} Nd7 (9... Ne5 $14) 10. O-O-O a6 {White is better.} 11. Be2 $146 ({Predecessor:} 11. h4 Be7 12. Rh1 Rg8 13. Be2 Nde5 14. Kb1 Bd7 15. hxg5 hxg5 16. Rh5 Nxd4 17. Bxd4 {1-0 (42) Tarjan,J (2520)-McCambridge,V USA 1982}) 11... Nce5 12. h4 {[%cal Rh4g5]} Rg8 (12... Be7 $16) 13. hxg5 $18 hxg5 14. f4 (14. Nf5 $1 $18) 14... gxf4 $16 15. Bxf4 b5 16. g5 {Nxe6! is the strong threat.} Ng6 17. Bh2 ({Don't play} 17. Nc6 Qb6 $11) (17. e5 $1 $16) 17... Rh8 $11 18. Nf3 ({Don't blunder} 18. Nc6 $2 Qb6 $19) 18... Nc5 (18... b4 $11 19. Nb1 Nc5) 19. b4 $1 $16 {[%cal Rb4c5]} ({Reject} 19. Bxd6 $6 Bxd6 20. Qxd6 Qxd6 $11) 19... Nb7 20. Bd3 Qc7 21. Bg3 Bd7 22. e5 Nxe5 23. Nxe5 dxe5 24. Ne4 O-O-O $1 25. a3 a5 26. Rgf1 ({White should try} 26. Qf2 $16) 26... Bc6 (26... Be8 $11) 27. Qc3 $36 {[%mdl 2048] White has strong initiative.} axb4 28. axb4 Rd5 $2 {[%mdl 8192] [#]} (28... f5 $16) 29. Nf6 (29. Rxf7 $142 $1 {[%mdl 512]} Qxf7 30. Qxc6+ Qc7 31. Qxe6+ Qd7 32. Qa6) 29... Rd4 {[#]} 30. Qxd4 $2 ({White should play} 30. Ne8 $1 $18 {[%cal Re8c7][%mdl 512]} Bxe8 31. Qxc7+ Kxc7 32. Bxe5+ Bd6 33. Bxd4) 30... exd4 $14 31. Bxc7 Kxc7 32. Ne4 Be8 {[#]} (32... Nd8 $11 {keeps the balance.}) 33. Rh1 $1 $16 {[%cal Rh1h8]} Rxh1 $2 (33... Bg7 $16 34. Rdf1 Nd8 35. Rxh8 Bxh8) 34. Rxh1 $18 Bxb4 35. Rh8 Bd7 $2 (35... Bc6) 36. Rh7 Nd6 {intending ...Nxe4.} 37. Nf6 {White is clearly winning.} Ba3+ 38. Kb1 e5 (38... Bb4 $142 39. Nxd7 Bd2) 39. Nxd7 e4 40. Ne5 exd3 41. cxd3 {[%mdl 4096] Endgame KRN-KBN} Kb6 42. Nxf7 Nf5 43. g6 {[%cal Bg5g6,Bg6g7][%mdl 32]} Bf8 44. Ng5 Bh6 45. Ne6 Be3 46. g7 Ne7 47. Rh8 {Precision: White = 58%, Black = 24%.} 1-0

[Event "16th Spilimbergo Open 2018"]
[Site "Spilimbergo"]
[Date "2018.08.15"]
[Round "9.9"]
[White "Krysa, Leandro"]
[Black "Bove, Alessandro"]
[Result "1-0"]
[WhiteElo "2523"]
[BlackElo "2308"]
[Annotator "ChessBase"]
[PlyCount "45"]
[EventDate "2018.08.10"]
[EventType "swiss"]
[EventCountry "ITA"]
[SourceTitle "playchess.com"]
[Source "ChessBase"]
[SourceQuality "1"]
[TimeControl "5400+30"]

1. c4 {[%emt 0:00:30]} Nf6 {[%emt 0:01:30]} 2. Nc3 {[%emt 0:00:00]} Nc6 {[%emt 0:00:30]} 3. Nf3 {[%emt 0:03:00]} e5 {[%emt 0:01:30]} 4. g3 {[%emt 0:00:30]} d5 {[%emt 0:09:30]} 5. cxd5 {[%emt 0:00:30]} Nxd5 {[%emt 0:00:00]} 6. Bg2 {[%emt 0:00:30]} Be6 {[%emt 0:10:00]} 7. O-O {[%emt 0:02:30]} Be7 {[%emt 0:01:30]} 8. d4 {[%emt 0:00:30]} exd4 {[%emt 0:02:30]} 9. Nxd4 {[%emt 0:00:30]} Nxd4 {[%emt 0:06:30]} 10. Qxd4 {[%emt 0:00:30]} Nxc3 {[%emt 0:00:30]} 11. Qxc3 {[%emt 0:01:30]} O-O {[%emt 0:00:30]} 12. Bxb7 {[%emt 0:01:30]} Rb8 {[%emt 0:00:00]} 13. Bg2 {[%emt 0:00:30]} Bf6 {[%emt 0:03:00]} 14. Qa5 {[%emt 0:07:30]} Bxb2 {[%emt 0:10:30]} 15. Bxb2 {[%emt 0:00:30]} Rxb2 {[%emt 0:00:30]} 16. Qxa7 {[%emt 0:01:30]} Bc4 {[%emt 0:01:30]} 17. Rfc1 {[%emt 0:08:30]} Bxe2 {[%emt 0:00:30]} 18. Qxc7 {[%emt 0:00:30]} Qd2 {[%emt 0:07:30]} 19. a4 {[%emt 0:07:30]} Bf3 {[%emt 0:13:30]} 20. Qc5 {[%emt 0:01:30]} Bxg2 {[%emt 0:00:30]} 21. Kxg2 {[%emt 0:00:00]} g6 {[%emt 0:00:30]} 22. a5 {[%emt 0:04:00]} Rd8 {[%emt 0:01:30]} 23. Rd1 {[%emt 0:02:30]} 1-0

[Event "16th Spilimbergo Open 2018"]
[Site "Spilimbergo"]
[Date "2018.08.15"]
[Round "9.10"]
[White "Korpa, Bence"]
[Black "Barp, Alberto"]
[Result "1-0"]
[WhiteElo "2506"]
[BlackElo "2340"]
[Annotator "TA"]
[PlyCount "111"]
[EventDate "2018.08.10"]
[EventType "swiss"]
[EventCountry "ITA"]
[SourceTitle "playchess.com"]
[Source "ChessBase"]
[SourceQuality "1"]

{[%evp 14,111,-19,-25,6,3,9,4,5,-4,-12,-7,-4,-8,-18,-10,-6,-27,-8,-8,77,77,77,73,76,75,74,75,79,70,71,70,70,69,69,69,68,68,70,70,70,70,70,70,70,70,76,76,76,70,70,70,77,84,84,55,55,47,54,48,59,55,54,53,630,594,535,535,535,488,658,606,406,346,938,960,680,828,884,245,197,0,850,884,713,685,1156,516,1220,1161,1137,1072,6299,5122,5122,5118,2054,1875,6540,6528]} 1. Nf3 d5 2. c4 d4 3. g3 Nc6 4. Bg2 e5 5. d3 Bb4+ 6. Bd2 a5 7. O-O {A09: Reti-Eröffnung} Nf6 8. e3 {LiveBook: 6 Partien} (8. Na3 O-O 9. Nb5 h6 10. e3 dxe3 11. Bxe3 Ng4 12. Bd2 Bf5 13. Bxb4 Nxb4 14. Nh4 Bc8 {½-½ (47) Mareco,S (2632)-Alekseenko,K (2609) Moscow 2018}) 8... dxe3 $146 ({Vorgänger:} 8... O-O 9. exd4 exd4 10. Bg5 h6 11. Bxf6 Qxf6 12. a3 Bc5 13. Nbd2 Bf5 14. Re1 Rfe8 {½-½ (39) Yu,Z (2389)-Rozman,L (2417) Montreal 2018}) 9. Bxe3 {Die Stellung ist ausgeglichen.} O-O 10. a3 Be7 11. h3 Bf5 12. d4 exd4 13. Nxd4 Nxd4 14. Bxd4 Qd7 {Und ...Tad8 würde nun gewinnen.} 15. Bc3 Qxd1 (15... c6 {looks sharper.} 16. Re1 Qxd1 17. Rxd1 Nd7 18. Re1 Rfe8) 16. Rxd1 Ne4 (16... c6 $11 {hält das Gleichgewicht.}) 17. Bxe4 $1 $16 Bxe4 18. Re1 $1 {[%cal Re1e4]} Bxb1 19. Rxe7 ({Viel schlechter ist} 19. Rexb1 Rfd8 $11) 19... Bd3 20. Rxc7 a4 21. Rd1 Be4 22. Rd4 Bc6 23. Rg4 g6 24. Rf4 Rad8 {( -> ...Td1+)} 25. f3 Rd7 26. Rxd7 Bxd7 $14 {[%mdl 4096] Endspiel KTL-KTL} 27. Bf6 Re8 28. Kf2 h6 29. h4 (29. Rd4 {seems wilder.} Bc6 30. g4 Re6 31. Rf4 Bd7 32. h4) 29... Bc6 30. g4 {[%cal Bg3g4,Bg4g5][%mdl 32]} Re6 31. g5 h5 32. Rd4 Kf8 33. Rd3 Re8 34. b4 axb3 $1 35. Rxb3 Re6 36. Rd3 Re8 37. Bc3 Re6 38. Rd8+ Re8 $2 {[%mdl 8192]} (38... Ke7 $14 39. Rd3 Ke8) 39. Bb4+ $18 Kg7 40. Rxe8 Bxe8 {KL-KL} 41. Be7 $1 f5 {[#]} 42. gxf6+ $1 Kf7 43. Kg3 Ba4 $2 (43... Ke6 44. Kf4 Bd7) 44. c5 Ke6 45. Kf4 Bc6 46. Kg5 $2 (46. Ke3 Bd5 47. Bd8) 46... Kf7 47. Kf4 $2 (47. f4) 47... Ke6 $1 48. Ke3 {Weiß steht klar auf Gewinn.} Be8 {[#]} 49. Kd4 $1 Kd7 50. Ke5 Bf7 (50... g5 $142 51. hxg5 Bg6) 51. f4 Bb3 52. f5 Bc2 53. fxg6 Bxg6 54. Kf4 Ke6 55. Kg5 Kf7 56. Kh6 {Precision: Weiß = 80%, Schwarz = 47%.} 1-0

[Event "16th Spilimbergo Open 2018"]
[Site "Spilimbergo"]
[Date "2018.08.15"]
[Round "9.11"]
[White "Krishna C R G"]
[Black "Godena, Michele"]
[Result "1/2-1/2"]
[WhiteElo "2402"]
[BlackElo "2502"]
[Annotator "TA"]
[PlyCount "37"]
[EventDate "2018.08.10"]
[EventType "swiss"]
[EventCountry "ITA"]
[SourceTitle "playchess.com"]
[Source "ChessBase"]
[SourceQuality "1"]

{[%evp 17,18,0,0]} 1. d4 d5 2. c4 dxc4 3. e3 e5 4. Bxc4 exd4 5. exd4 Bd6 6. Nf3 Nf6 7. O-O O-O 8. Nc3 Nc6 9. h3 h6 {LiveBook: 269 Games} {Predecessor:} 10. a3 $146 Bf5 11. Re1 a6 12. Be3 Qd7 13. d5 Ne5 14. Bf1 Nxf3+ 15. Qxf3 Rfe8 16. Bd4 Rxe1 17. Rxe1 Re8 18. Rxe8+ Nxe8 19. g4 {½-½ (33) Cori Tello,J (2659)-Hungaski,R (2510) Montevideo 2018} 1/2-1/2

[Event "16th Spilimbergo Open 2018"]
[Site "Spilimbergo"]
[Date "2018.08.15"]
[Round "9.12"]
[White "Alonso Garcia, Rene Marcial"]
[Black "Karthik Venkataraman"]
[Result "0-1"]
[WhiteElo "2344"]
[BlackElo "2502"]
[Annotator "TA"]
[PlyCount "80"]
[EventDate "2018.08.10"]
[EventType "swiss"]
[EventCountry "ITA"]
[SourceTitle "playchess.com"]
[Source "ChessBase"]
[SourceQuality "1"]

{[%evp 10,80,49,54,61,48,59,47,66,3,8,12,13,-9,8,2,6,-14,29,14,18,12,22,12,22,16,24,-13,-13,-14,-16,-10,-22,-22,12,-13,0,-63,-58,-52,-19,-82,-44,-91,-98,-113,-91,-223,-48,-28,0,0,0,0,0,0,-21,-21,0,-48,-45,-42,-41,-75,-62,-83,-16,-71,-85,-85,-71,-437,-439]} 1. d4 Nf6 2. Nf3 e6 3. a3 c5 4. e3 b6 5. c4 d6 6. Nc3 {LiveBook: 5 Partien. E12: Damenindisch (Petrosjan-System und 4. oder 5.Lg5)} Nbd7 7. Be2 Be7 8. O-O {Weiß steht etwas besser.} O-O 9. b3 ({Günstiger ist} 9. d5 $14) 9... a6 $11 10. Bb2 Bb7 11. Nd2 Qb8 12. Bf3 b5 13. dxc5 {c6 ist eine echte Drohung.} Nxc5 14. Be2 $146 bxc4 15. Nxc4 a5 16. b4 axb4 17. axb4 Rxa1 18. Bxa1 (18. Qxa1 $5 {[%cal Rb4c5]} Ncd7 19. Na5 $11) 18... Ncd7 19. Qa4 d5 20. Na5 Ba8 $36 {[%mdl 2048] Schwarz hat gut koordiniertes Spiel.} 21. Rb1 Nb6 22. Qa2 e5 23. Nb5 (23. b5 $1 $11) 23... Rc8 $15 24. Qb2 Nbd7 (24... d4 $5 25. exd4 e4 $15) 25. Qd2 (25. Rc1 $11 {bleibt in der Remisbreite.}) 25... Ne4 26. Qe1 Bh4 $1 {[%cal Rh4f2]} 27. g3 Be7 28. Rc1 {[#]} (28. Qd1 $17) 28... Rxc1 $2 ({Lieber} 28... d4 $1 $19 {[%mdl 512]} 29. Bb2 (29. exd4 Bxb4) 29... dxe3 30. fxe3 Ndf6) 29. Qxc1 Bxb4 30. Nc6 Bxc6 31. Qxc6 Nef6 32. g4 {zielt auf g5 ab.} h6 33. h4 Qd8 34. Kg2 Qa5 {Droht stark ...Da2.} 35. Bb2 Qa2 36. Qc8+ Bf8 37. Qc1 Ne4 (37... Qb3 $17 38. f3 e4) 38. Nc3 (38. Qa1 $1 $11 Qxa1 39. Bxa1) 38... Nxc3 $17 39. Qxc3 Nb6 {Und weiter mit ...Sa4 wäre nett.} 40. Bb5 $2 {[%mdl 8192] [#]} (40. Bf1 $17 {ist zäher.}) 40... d4 $1 {[%mdl 512] Precision: Weiß = 32%, Schwarz = 52%.} 0-1

[Event "16th Spilimbergo Open 2018"]
[Site "Spilimbergo"]
[Date "2018.08.15"]
[Round "9.13"]
[White "Aleksic, Nenad"]
[Black "Rombaldoni, Denis"]
[Result "1/2-1/2"]
[WhiteElo "2307"]
[BlackElo "2508"]
[Annotator "TA"]
[PlyCount "33"]
[EventDate "2018.08.10"]
[EventType "swiss"]
[EventCountry "ITA"]
[SourceTitle "playchess.com"]
[Source "ChessBase"]
[SourceQuality "1"]

{[%evp 22,33,10,20,87,8,3,10,179,154,149,150,162,147]} 1. e4 c5 2. Nf3 a6 3. Nc3 b5 4. d4 cxd4 5. Nxd4 e6 6. g3 Bb7 7. Bg2 Nf6 8. Qe2 b4 9. Na4 {B43: Sicilian: Kan Variation: 5 Nc3} d5 (9... Qa5 10. b3 Nc6 11. Be3 Rc8 12. O-O h5 13. h3 Be7 14. f4 d6 15. Rac1 O-O 16. Rfd1 Nxd4 17. Bxd4 e5 18. Bb6 Qb5 19. c4 bxc3 {½-½ (19) Robleto,O (2351)-Sasvari,T (2547) ICCF email 2016}) 10. Bg5 Be7 11. exd5 Bxd5 12. O-O-O {LiveBook: 4 Games} Qa5 (12... Bxg2 13. Nxe6 Qa5 14. Nxg7+ Kf8 15. Bh6 $1 $18 {[%mdl 512]}) (12... O-O $11 {remains equal.} 13. f4 Ra7) 13. f4 (13. Bxf6 $16 Bxf6 14. Bxd5 Qxd5 15. Nb6 Qxa2 16. Nxa8) 13... Qxa4 $11 14. Bxf6 $1 Bxg2 $146 (14... gxf6 $11 {and Black stays safe.} 15. Bxd5 exd5) ({Predecessor:} 14... gxf6 15. Bxd5 exd5 16. Nf5 Nc6 17. Rhe1 Ra7 18. Qg4 Qxa2 19. Nd6+ Kd8 20. Qc8# {1-0 (20) Khukhashvili,S (2366)-Tereladze,S (2262) Tbilisi 2005}) 15. Qxg2 {White is clearly better.} Bxf6 16. Qxa8 O-O {[#] aiming for ...Bxd4.} 17. Qb7 $1 ({Worse is} 17. Kb1 Bxd4 18. Qe4 (18. Rxd4 $2 Nc6 $19) 18... Bf6 $17) 1/2-1/2

[Event "16th Spilimbergo Open 2018"]
[Site "Spilimbergo"]
[Date "2018.08.15"]
[Round "9.14"]
[White "Altini, Nicola"]
[Black "Della Pietra, Andrea"]
[Result "1-0"]
[WhiteElo "2425"]
[BlackElo "2212"]
[Annotator "NA RC"]
[PlyCount "117"]
[EventDate "2018.08.10"]
[EventType "swiss"]
[EventCountry "ITA"]
[SourceTitle "playchess.com"]
[Source "ChessBase"]
[SourceQuality "1"]
[TimeControl "5400+30"]

1. d4 {[%emt 0:00:30]} Nf6 {[%emt 0:00:30]} 2. c4 {[%emt 0:00:00]} g6 {[%emt 0:00:30]} 3. Nc3 {[%emt 0:00:00]} Bg7 {[%emt 0:00:30]} 4. e4 {[%emt 0:00:00]} d6 {[%emt 0:00:00]} 5. Be2 {[%emt 0:00:00]} O-O {[%emt 0:00:00]} 6. Be3 {[%emt 0:00:00]} e5 {[%emt 0:00:30]} 7. d5 {[%emt 0:00:00]} Na6 {[%emt 0:06:30]} 8. g4 {[%emt 0:00:30]} Nc5 {[%emt 0:02:30]} 9. f3 {[%emt 0:00:30]} a5 {[%emt 0:02:30]} 10. h4 {[%emt 0:00:00]} h5 {[%emt 0:02:30]} 11. g5 {[%emt 0:00:00]} Nh7 {[%emt 0:06:30]} 12. Nh3 {[%emt 0:00:30]} Bd7 {[%emt 0:02:30]} 13. Qd2 {[%emt 0:02:30]} a4 {[%emt 0:02:30]} 14. Nf2 {[%emt 0:08:30]} Kh8 {[%emt 0:06:30]} 15. Kd1 {[%emt 0:07:30]} f5 {[%emt 0:09:30]} 16. gxf6 {[%emt 0:03:30]} Bxf6 {[%emt 0:05:30]} 17. Kc2 {[%emt 0:00:30]} Bxh4 {[%emt 0:09:30]} 18. Rag1 {[%emt 0:04:30]} Rg8 {[%emt 0:01:30]} 19. Rg2 {[%emt 0:08:30]} g5 {[%emt 0:03:30]} 20. Nh3 {[%emt 0:08:30]} Qf6 {[%emt 0:09:30]} 21. Kb1 {[%emt 0:12:30]} Qe7 {[%emt 0:03:30]} 22. Bd1 {[%emt 0:01:30]} Raf8 {[%emt 0:03:30]} 23. Ng1 {[%emt 0:04:30]} Rb8 {[%emt 0:01:30]} 24. Bxc5 {[%emt 0:10:30]} dxc5 {[%emt 0:00:30]} 25. Bxa4 {[%emt 0:00:00]} Bxa4 {[%emt 0:00:30]} 26. Nxa4 {[%emt 0:01:00]} b5 {[%emt 0:00:55]} 27. cxb5 {[%emt 0:01:30]} Rxb5 {[%emt 0:00:05]} 28. Qc3 {[%emt 0:02:30]} Nf6 {[%emt 0:05:16]} 29. Nh3 {[%emt 0:05:39]} Qd6 {[%emt 0:05:08]} 30. Qc1 {[%emt 0:06:02]} Nh7 {[%emt 0:00:25]} 31. Rc2 {[%emt 0:00:47]} g4 {[%emt 0:02:08]} 32. fxg4 {[%emt 0:00:20]} hxg4 {[%emt 0:01:52]} 33. Ng1 {[%emt 0:00:13]} Bg5 {[%emt 0:02:42]} 34. Qf1 {[%emt 0:02:16]} Ra5 {[%emt 0:01:48]} 35. Rch2 {[%emt 0:01:37]} Rg7 {[%emt 0:00:26]} 36. Qf5 {[%emt 0:00:52]} Qe7 {[%emt 0:00:21]} 37. Nc3 {[%emt 0:02:29]} g3 {[%emt 0:03:37]} 38. Rxh7+ {[%emt 0:02:38]} Rxh7 {[%emt 0:00:05]} 39. Rxh7+ {[%emt 0:00:02]} Qxh7 {[%emt 0:00:04]} 40. Qxg5 {[%emt 0:00:04]} Qh2 {[%emt 0:00:58]} 41. Qxe5+ {[%emt 0:00:15]} Kg8 {[%emt 0:00:38]} 42. Nce2 {[%emt 0:00:20]} Ra8 {[%emt 0:01:09]} 43. Qxg3+ {[%emt 0:01:34]} Qxg3 {[%emt 0:00:06]} 44. Nxg3 {[%emt 0:00:03]} Kf7 {[%emt 0:00:12]} 45. a3 {[%emt 0:00:53]} Rg8 {[%emt 0:00:20]} 46. N1e2 {[%emt 0:00:00]} Kf6 {[%emt 0:00:17]} 47. Kc2 {[%emt 0:00:03]} Ke5 {[%emt 0:00:23]} 48. Kc3 {[%emt 0:00:05]} Rb8 {[%emt 0:01:04]} 49. b3 {[%emt 0:01:01]} Ra8 {[%emt 0:00:20]} 50. a4 {[%emt 0:00:01]} Rb8 {[%emt 0:00:14]} 51. Kc4 {[%emt 0:02:02]} Rb4+ {[%emt 0:00:39]} 52. Kc3 {[%emt 0:00:01]} Rb8 {[%emt 0:00:00]} 53. Kc4 {[%emt 0:01:15]} Rb4+ {[%emt 0:00:00]} 54. Kxc5 {[%emt 0:00:01]} Rxb3 {[%emt 0:00:00]} 55. a5 {[%emt 0:00:25]} Rb2 {[%emt 0:00:48]} 56. Nc3 {[%emt 0:00:13]} Kf4 {[%emt 0:00:37]} 57. Nge2+ {[%emt 0:00:07]} Ke5 {[%emt 0:00:32]} 58. Nd4 {[%emt 0:00:24]} Kf6 {[%emt 0:01:17]} 59. a6 {[%emt 0:00:08]} 1-0